[Event "SLO-ch"]
[Site "Grize"]
[Date "2001.10.02"]
[Round "2"]
[White "Novak, Jernej"]
[Black "Sitnik, Igor"]
[Result "1/2-1/2"]
[WhiteElo "2138"]
[BlackElo "2294"]
[PlyCount "60"]
[EventDate "2001.10.01"]
[EventType "swiss"]
[EventRounds "9"]
[EventCountry "SLO"]
[SourceTitle "CBM 084 Extra"]
[Source "ChessBase"]
[SourceDate "2001.10.26"]
[SourceVersion "1"]
[SourceVersionDate "2001.10.26"]
[SourceQuality "1"]

1. e4 c6 2. d4 d5 3. exd5 cxd5 4. Bd3 Nc6 5. c3 Nf6 6. Bf4 Bg4 7. Qb3 Qd7 8. Nd2 e6 9. Ngf3 Bxf3 10. Nxf3 Bd6 11. Bxd6 Qxd6 12. 0-0 0-0 13. Rae1 Rab8 14. Ne5 a6 15. f4 b5 16. a3 a5 17. Re3 b4 18. axb4 axb4 19. Qd1 bxc3 20. bxc3 Rb2 21. Rh3 g6 22. Qe1 Kg7 23. Qh4 h5 24. Rg3 Ne7 25. Qg5 Nf5 26. Nxg6 Nh7 27. Qxh5 Nxg3 28. hxg3 Nf6 29. Qg5 Nh7 30. Qh5 Nf6 1/2-1/2

[Event "SLO-ch"]
[Site "Grize"]
[Date "2001.10.01"]
[Round "1"]
[White "Crepan, Marjan"]
[Black "Novak, Jernej"]
[Result "1/2-1/2"]
[WhiteElo "2283"]
[BlackElo "2138"]
[PlyCount "120"]
[EventDate "2001.10.01"]
[EventType "swiss"]
[EventRounds "9"]
[EventCountry "SLO"]
[SourceTitle "CBM 084 Extra"]
[Source "ChessBase"]
[SourceDate "2001.10.26"]
[SourceVersion "1"]
[SourceVersionDate "2001.10.26"]
[SourceQuality "1"]

1. e4 c5 2. Nf3 d6 3. d4 cxd4 4. Nxd4 Nf6 5. Nc3 g6 6. Be2 Bg7 7. 0-0 Nc6 8. Be3 0-0 9. Nb3 Be6 10. f4 Qc8 11. h3 Rd8 12. Qe1 d5 13. e5 Ne4 14. Bf3 Nxc3 15. bxc3 Qc7 16. Rd1 Na5 17. Nc5 Rac8 18. Qh4 b6 19. Nxe6 fxe6 20. Rd3 Nc4 21. Bd4 Rf8 22. Rf2 Rf7 23. Qg4 Qc6 24. Be2 Rcf8 25. h4 Rf5 26. g3 Bxe5 27. fxe5 Nxe5 28. Rxf5 exf5 29. Qg5 Nxd3 30. Bxd3 Qd6 31. Qf4 Qxf4 32. gxf4 e6 33. c4 dxc4 34. Bxc4 Kf7 35. c3 h6 36. Kf2 Rg8 37. Ke3 g5 38. fxg5 hxg5 39. h5 g4 40. h6 Kg6 41. Bg7 Rc8 42. Bb3 Re8 43. Kf4 Re7 44. Bc4 Re8 45. Bb5 Rd8 46. Bc6 Rc8 47. Bb5 Rd8 48. Bc6 Rc8 49. Bd7 Rc4+ 50. Kg3 Re4 51. Be8+ Kh7 52. Kh4 g3+ 53. Kxg3 Rg4+ 54. Kf3 Rxg7 55. hxg7 Kxg7 56. Ke3 e5 57. Bd7 Kf6 58. a4 Kg5 59. c4 a5 60. Kf3 Kf6 1/2-1/2

[Event "Bled op 22nd"]
[Site "Bled"]
[Date "2001.03.28"]
[Round "5"]
[White "Fucak, Emilijo"]
[Black "Novak, Jernej"]
[Result "1-0"]
[WhiteElo "2353"]
[BlackElo "2112"]
[PlyCount "57"]
[EventDate "2001.03.24"]
[EventType "swiss"]
[EventRounds "9"]
[EventCountry "SLO"]
[SourceTitle "CBM 081 Extra"]
[Source "ChessBase"]
[SourceDate "2001.05.06"]
[SourceVersion "1"]
[SourceVersionDate "2001.05.06"]
[SourceQuality "1"]

1. c4 Nf6 2. g3 g6 3. Bg2 Bg7 4. Nc3 0-0 5. d3 c5 6. e4 d6 7. h3 Nc6 8. Be3 a6 9. Qd2 Nd4 10. Rc1 Re8 11. Bh6 Bh8 12. h4 Ng4 13. Bg5 h5 14. f3 Ne5 15. Nce2 Nec6 16. Nxd4 Nxd4 17. g4 hxg4 18. h5 gxh5 19. Rxh5 gxf3 20. Nxf3 Bg4 21. Rxh8+ Kxh8 22. Kf2 f6 23. Bxf6+ exf6 24. Qh6+ Kg8 25. Qg6+ Kf8 26. Rh1 Be6 27. Rh8+ Bg8 28. Qxg8+ Ke7 29. Rh7# 1-0

[Event "Bled op 22nd"]
[Site "Bled"]
[Date "2001.03.24"]
[Round "1"]
[White "Kozul, Zdenko"]
[Black "Novak, Jernej"]
[Result "1-0"]
[WhiteElo "2594"]
[BlackElo "2112"]
[PlyCount "89"]
[EventDate "2001.03.24"]
[EventType "swiss"]
[EventRounds "9"]
[EventCountry "SLO"]
[SourceTitle "CBM 081 Extra"]
[Source "ChessBase"]
[SourceDate "2001.05.06"]
[SourceVersion "1"]
[SourceVersionDate "2001.05.06"]
[SourceQuality "1"]

1. d4 Nf6 2. Nf3 g6 3. c4 c5 4. d5 b5 5. Qc2 bxc4 6. e4 d6 7. Bxc4 Bg7 8. 0-0 0-0 9. h3 Nfd7 10. Bg5 Nb6 11. Be2 Ba6 12. a4 Bxe2 13. Qxe2 a5 14. Nc3 Na6 15. Rfd1 Nb4 16. e5 dxe5 17. d6 f6 18. Be3 exd6 19. Bxc5 d5 20. Qb5 Rb8 21. Qxa5 Nc4 22. Qxd8 Rfxd8 23. Bxb4 Rxb4 24. Nxd5 Rbb8 25. b3 Nb2 26. Ne7+ Kf7 27. Rxd8 Rxd8 28. Nc6 Rd6 29. Rc1 e4 30. a5 Nd3 31. a6 Nxc1 32. a7 Ne2+ 33. Kh2 Rxc6 34. a8Q Re6 35. Nd2 f5 36. Nc4 Nd4 37. Qb7+ Re7 38. Qd5+ Kf8 39. b4 Ne6 40. b5 Nc7 41. Qd8+ Ne8 42. b6 Bf6 43. Qd5 Ng7 44. b7 Re8 45. Nd6 1-0

[Event "SLO-ch U18"]
[Site "Maribor"]
[Date "2001.??.??"]
[Round "?"]
[White "Novak, Jernej"]
[Black "Lazar, Ales Ml"]
[Result "1-0"]
[WhiteElo "2112"]
[BlackElo "2252"]
[PlyCount "99"]
[EventDate "2001.??.??"]
[EventType "swiss"]
[EventRounds "7"]
[EventCountry "SLO"]
[SourceTitle "EXT 2003"]
[Source "ChessBase"]
[SourceDate "2002.11.25"]
[SourceVersion "1"]
[SourceVersionDate "2002.11.25"]
[SourceQuality "1"]

1. e4 c5 2. Nf3 e6 3. d4 cxd4 4. Nxd4 Nc6 5. Nc3 Qc7 6. Be3 a6 7. Bd3 Nf6 8. Nb3 Ne5 9. f4 Nc4 10. Bxc4 Qxc4 11. Qd3 b5 12. Qxc4 bxc4 13. Nd2 Bb7 14. a3 d5 15. Bd4 Nxe4 16. Ncxe4 dxe4 17. Nxc4 Rc8 18. Ne3 Bc5 19. Bxc5 Rxc5 20. c4 Ke7 21. Ke2 Rd8 22. Rhd1 Rcc8 23. Rxd8 Rxd8 24. Rd1 Rxd1 25. Nxd1 e5 26. g3 f5 27. Ke3 Kf6 28. h4 h6 29. h5 Bc8 30. Nc3 Be6 31. c5 Bf7 32. c6 Ke6 33. c7 Kd7 34. fxe5 Kxc7 35. Kf4 g6 36. hxg6 Bxg6 37. Nd5+ Kd7 38. Ne3 Ke6 39. b4 Bh7 40. a4 Bg6 41. b5 axb5 42. axb5 Kd7 43. Nc4 Bf7 44. Nd6 Be6 45. b6 Kc6 46. b7 Kc7 47. Ke3 Kb8 48. Kf4 Kc7 49. Ne8+ Kxb7 50. Ng7 1-0